[Event "Athens Open"]
[Site "Athens GRE"]
[Date "1989.??.??"]
[Round "?"]
[White "Podlesnik, Bogdan"]
[Black "Pandavos, Panayotis"]
[Result "1-0"]
[WhiteElo "2415"]
[BlackElo "2300"]
[PlyCount "69"]
[EventDate "1989.??.??"]
[Source "www.chesslib.no"]
[SourceDate "2004.05.04"]

1. e4 e5 2. Nf3 d5 3. exd5 e4 4. Qe2 Nf6 5. d3 Be7 6. dxe4 O-O 7. Nc3 Re8 8. a3 Nxe4 9. Nxe4 f5 10. Nc3 Bd6 11. Be3 f4 12. g3 fxe3 13. fxe3 Bc5 14. e4 Bg4 15. Bg2 Bd4 16. Qc4 Bxc3+ 17. bxc3 b5 18. Qd4 c5 19. Qd3 c4 20. Qd4 Bxf3 21. Bxf3 Qf6 22. O-O Nd7 23. Bg4 Qd6 24. Be6+ Rxe6 25. dxe6 Qxe6 26. Qd5 Qxd5 27. exd5 Nf6 28. d6 Rd8 29. Rad1 a6 30. Rfe1 Kf8 31. Kg2 Rd7 32. Kf3 Ne8 33. Kf4 Nxd6 34. Re6 g5+ 35. Kg4 1-0

[Event "Moscow RUS"]
[Site "?"]
[Date "2006.02.10"]
[Round "4"]
[White "Kochetkova Julia"]
[Black "Tsigelnitskiy Ilusha"]
[Result "1/2-1/2"]
[WhiteElo "2366"]
[BlackElo "2341"]
[PlyCount "43"]
[EventDate "2006.??.??"]
[Source "www.chesslib.no"]
[SourceDate "2004.05.04"]

1. e4 e5 2. Nf3 d5 3. d4 dxe4 4. Nxe5 Bd6 5. Nc4 Nf6 6. Bg5 O-O 7. Nc3 Be7 8. Qd2 c6 9. Ne3 b5 10. Bxf6 Bxf6 11. Nxe4 Qxd4 12. Nxf6+ Qxf6 13. c3 Rd8 14. Qc2 Na6 15. Be2 Nc7 16. O-O Be6 17. Bf3 Nd5 18. Nxd5 Bxd5 19. Bxd5 Rxd5 20. a4 a6 21. axb5 cxb5 22. Qe4 1/2-1/2

[Event "RUS-Cup"]
[Site "?"]
[Date "1998.??.??"]
[Round "4"]
[White "Baranov Grigory"]
[Black "Skatchkov Pavel"]
[Result "1/2-1/2"]
[WhiteElo "2280"]
[BlackElo "2415"]
[PlyCount "48"]
[EventDate "1998.??.??"]
[Source "www.chesslib.no"]
[SourceDate "2004.05.04"]

1. e4 e5 2. Nf3 d5 3. Nxe5 Bd6 4. d4 dxe4 5. Qe2 Nf6 6. Nc3 O-O 7. Bg5 c5 8. Nxe4 cxd4 9. Bxf6 gxf6 10. Nxd6 Qxd6 11. Nd3 Nc6 12. O-O-O Qd5 13. Kb1 Bf5 14. Qd2 Ne5 15. Nf4 Qc6 16. Rc1 Rac8 17. Bd3 Nxd3 18. cxd3 Qb5 19. g4 Be6 20. Nh5 Kh8 21. Qf4 Bxa2+ 22. Kxa2 Qa6+ 23. Kb1 Qxd3+ 24. Ka2 Qa6+ 1/2-1/2

[Event "It (Open) Lindau GER"]
[Site "?"]
[Date "2006.05.07"]
[Round "?"]
[White "Arnold Lothar"]
[Black "Gheng Josef"]
[Result "1-0"]
[WhiteElo "2348"]
[BlackElo "2336"]
[PlyCount "111"]
[EventDate "2006.??.??"]
[Source "www.chesslib.no"]
[SourceDate "2004.05.04"]

1. e4 e5 2. Nf3 d5 3. exd5 Bd6 4. d4 e4 5. Ne5 Ne7 6. Nc3 Bf5 7. Bb5+ c6 8. dxc6 bxc6 9. Bc4 O-O 10. O-O Qc7 11. f4 exf3 12. Qxf3 Nd7 13. Bf4 Nxe5 14. dxe5 Bxe5 15. Rae1 Ng6 16. Bxe5 Nxe5 17. Qxf5 Nxc4 18. b3 Qb6+ 19. Qf2 Qa5 20. Ne4 Ne5 21. Qc5 Qb6 22. Kh1 f6 23. h3 Rad8 24. Rd1 Qa6 25. Nc3 Rd2 26. Rxd2 Qxf1+ 27. Qg1 Qf4 28. Qd4 Qg3 29. Re2 h5 30. Qe3 Qxe3 31. Rxe3 Rd8 32. Kg1 Kf7 33. Kf1 g5 34. Ke2 Kg6 35. Ne4 h4 36. Nd2 Kf5 37. Nf3 Ng6 38. Rc3 Ne7 39. Rc5+ Kg6 40. a4 Rd6 41. Ra5 Nd5 42. Rxa7 Nf4+ 43. Kf2 Re6 44. Ng1 f5 45. Ra8 g4 46. hxg4 fxg4 47. g3 hxg3+ 48. Kxg3 Kf5 49. Rf8+ Kg5 50. Rxf4 Re3+ 51. Nf3+ gxf3 52. Rxf3 Re2 53. Rc3 Re6 54. a5 Kf5 55. a6 Ke5 56. a7 1-0

[Event "Corr"]
[Site "?"]
[Date "2002.06.01"]
[Round "?"]
[White "Laurenc Petr (CZE)"]
[Black "Marchisotti Dr.Mauro (ITA)"]
[Result "1-0"]
[WhiteElo "2364"]
[BlackElo "2315"]
[PlyCount "79"]
[EventDate "2002.??.??"]
[Source "www.chesslib.no"]
[SourceDate "2004.05.04"]

1. e4 e5 2. Nf3 d5 3. exd5 Qxd5 4. Nc3 Qe6 5. Bb5+ c6 6. Ba4 Qg6 7. Qe2 Be7 8. Bb3 Nh6 9. d3 Nf5 10. O-O Nd4 11. Nxd4 exd4 12. Re1 Be6 13. Bxe6 fxe6 14. Nb1 Kd7 15. Nd2 c5 16. b4 cxb4 17. Nf3 Nc6 18. Bb2 Rhf8 19. Nxd4 Nxd4 20. Bxd4 a6 21. c3 bxc3 22. Bxc3 Rac8 23. Qb2 b5 24. a4 Rf5 25. Be5 b4 26. Rac1 Rxc1 27. Qxc1 Ke8 28. Qc6+ Kf7 29. Qxa6 Qh6 30. f4 g5 31. fxg5 Qh4 32. Bg3 Qd4+ 33. Kh1 Qd7 34. h4 Bc5 35. Qc4 Qd5 36. a5 Qxc4 37. dxc4 Bd4 38. Rb1 Rxa5 39. Rxb4 e5 40. Kh2 1-0

[Event "Linares Anibal op 9th"]
[Site "Linares"]
[Date "2002.03.01"]
[Round "1"]
[White "Moreno Carnero, Javier"]
[Black "Kleinert, Juergen"]
[Result "1-0"]
[WhiteElo "2503"]
[BlackElo "2168"]
[PlyCount "45"]
[EventDate "2002.03.01"]
[Source "ChessBase"]
[SourceDate "2002.05.03"]

1. e4 e5 2. Nf3 d5 3. exd5 Bd6 4. d4 e4 5. Ne5 Nf6 6. Nc3 h6 7. Be2 O-O 8. O-O Re8 9. Nc4 Bb4 10. Ne3 Bxc3 11. bxc3 Nxd5 12. Nxd5 Qxd5 13. c4 Qd6 14. c5 Qf6 15. f3 e3 16. Re1 Qg5 17. Bf1 f5 18. h4 Qxh4 19. Bxe3 Rf8 20. Bf2 Qg5 21. Qe2 Nd7 22. Qe7 Nf6 23. Bc4+ 1-0

[Event "BCF Ch"]
[Site "Norwich ENG"]
[Date "1994.??.??"]
[Round "11"]
[White "Gillani, Tunveer M D"]
[Black "Neil, David"]
[Result "1/2-1/2"]
[WhiteElo "2405"]
[BlackElo "2265"]
[PlyCount "30"]
[EventDate "1994.08.??"]
[Source "www.chesslib.no"]
[SourceDate "2004.05.04"]

1. e4 e5 2. Nf3 d5 3. exd5 Bd6 4. d4 e4 5. Ng5 Nf6 6. Bb5+ Bd7 7. Bxd7+ Nbxd7 8. Nc3 O-O 9. O-O Re8 10. Re1 Nb6 11. Bd2 Nc4 12. Ncxe4 Nxe4 13. Nxe4 Bxh2+ 14. Kxh2 Qh4+ 15. Kg1 Rxe4 1/2-1/2

[Event "Tenkes Kupa"]
[Site "Harkany"]
[Date "1993.??.??"]
[Round "4"]
[White "Purtov, Andrei"]
[Black "Ivan, Zoltan"]
[Result "1-0"]
[WhiteElo "2430"]
[BlackElo "2240"]
[PlyCount "120"]
[EventDate "1993.11.??"]
[Source "www.chesslib.no"]
[SourceDate "2004.05.04"]

1. e4 e5 2. Nf3 d5 3. Nxe5 Bd6 4. d4 dxe4 5. Nc4 Nf6 6. Be2 Nc6 7. c3 Bf5 8. Bg5 O-O 9. Ne3 Bg6 10. Nd2 h6 11. Bh4 Bf4 12. Qb3 Qd7 13. Bxf6 Bxe3 14. fxe3 gxf6 15. O-O Ne7 16. Rae1 c6 17. Rf2 Kg7 18. Nf1 b5 19. Qd1 a5 20. Ng3 f5 21. c4 a4 22. Qd2 Rab8 23. b3 f6 24. Bh5 Bh7 25. Rc1 Qe6 26. Be2 Bg6 27. Bf1 a3 28. Ne2 b4 29. Nf4 Qd7 30. c5 Bf7 31. Bc4 Bd5 32. Qe2 Kh7 33. Bxd5 cxd5 34. Qh5 Qe8 35. Qh3 Qf7 36. g3 Rg8 37. Qf1 Rg5 38. Ng2 Qe6 39. Nh4 Qc8 40. Rf4 Ng6 41. Nxg6 Kxg6 42. c6 Qc7 43. Qa6 Kf7 44. Rc5 Ke6 45. Rxd5 Kxd5 46. Qc4+ Kd6 47. Qc5+ Ke6 48. d5+ Kf7 49. d6 Qc8 50. c7 Ra8 51. Qc6 Rg8 52. d7 Qf8 53. Rxf5 Kg7 54. Rd5 Rd8 55. Rd4 h5 56. Rc4 h4 57. c8=Q hxg3 58. Q8c7 gxh2+ 59. Qxh2 Kf7+ 60. Kf2 Ke7 1-0

[Event "Berliner Sommer 16th"]
[Site "Berlin"]
[Date "1998.??.??"]
[Round "3"]
[White "Kuzmin, Gennadi P"]
[Black "Ciornei, Dragos"]
[Result "1-0"]
[WhiteElo "2560"]
[BlackElo "2100"]
[PlyCount "69"]
[EventDate "1998.08.08"]
[Source "ChessBase"]
[SourceDate "1998.11.06"]

1. e4 e5 2. Nf3 d5 3. d4 dxe4 4. Nxe5 Bd6 5. Nc3 Bxe5 6. dxe5 Qxd1+ 7. Kxd1 Nc6 8. Nxe4 Nxe5 9. Bf4 Nf6 10. Nxf6+ gxf6 11. Bxe5 fxe5 12. Bd3 O-O 13. Re1 Re8 14. Kd2 Bg4 15. Re3 Bh5 16. Rae1 f6 17. Rg3+ Bg6 18. Bxg6 hxg6 19. Rxg6+ Kf7 20. Rg3 Rg8 21. Ree3 Rad8+ 22. Rd3 Rxg3 23. hxg3 Rc8 24. Rd7+ Ke6 25. Rg7 a5 26. a4 Kd6 27. g4 Rh8 28. Ke3 b6 29. Rf7 Rh6 30. Ke4 c6 31. Kf5 Rh2 32. Rxf6+ Kd5 33. Re6 Rxg2 34. Rxe5+ Kd6 35. Re2 1-0

[Event "Piraeus Memorial"]
[Site "Greece"]
[Date "1986.??.??"]
[Round "5"]
[White "Atanasov, Petko"]
[Black "Pandavos, Panayotis"]
[Result "1-0"]
[WhiteElo "2375"]
[BlackElo "2285"]
[PlyCount "97"]
[EventDate "1986.??.??"]
[Source "www.chesslib.no"]
[SourceDate "2004.05.04"]

1. e4 e5 2. Nf3 d5 3. d4 dxe4 4. Nxe5 Bd6 5. Nc4 Nf6 6. Be2 O-O 7. Bg5 Re8 8. c3 c6 9. Nbd2 Bc7 10. Qc2 Bf5 11. Ne3 Bg6 12. h4 h6 13. h5 Bh7 14. Bh4 Bf4 15. g3 Bxe3 16. fxe3 Nbd7 17. g4 Qc7 18. O-O-O Nd5 19. Nf1 f6 20. Bg3 Qa5 21. c4 Nb4 22. Qb3 Nxa2+ 23. Kb1 Nb4 24. Be1 c5 25. dxc5 Nxc5 26. Qxb4 Qc7 27. Bg3 Qc8 28. Rd4 Nd3 29. Qc3 a5 30. Bd6 Ra6 31. Ng3 Rc6 32. Rf1 Rd8 33. c5 b6 34. Bxd3 exd3 35. Nf5 d2 36. Qxd2 bxc5 37. Bxc5 Re8 38. Ba3 Kh8 39. Rd7 Rc4 40. e4 Rcxe4 41. Rxg7 Re1+ 42. Rxe1 Rxe1+ 43. Qxe1 Bxf5+ 44. gxf5 Qxf5+ 45. Ka1 Kxg7 46. Qe7+ Kg8 47. Qf8+ Kh7 48. Qf7+ Kh8 49. Be7 1-0

[Event "ESP-ch"]
[Site "Torrevieja"]
[Date "1997.09.30"]
[Round "2"]
[White "Sanz Alonso, Francisco Javier"]
[Black "Rojas, Nicolas"]
[Result "1-0"]
[WhiteElo "2425"]
[BlackElo "2225"]
[PlyCount "47"]
[EventDate "1997.09.29"]
[Source "ChessBase"]
[SourceDate "1997.11.24"]

1. e4 e5 2. Nf3 d5 3. Nxe5 Qe7 4. d4 f6 5. Nc3 fxe5 6. Nxd5 Qf7 7. Bc4 Be6 8. Nxc7+ Qxc7 9. Bxe6 exd4 10. Qxd4 Nc6 11. Qc4 Nf6 12. O-O Bd6 13. g3 Ke7 14. Bh3 Rhd8 15. Bg5 Kf8 16. f4 Qb6+ 17. Kh1 Be7 18. e5 Rd4 19. Qe2 Re4 20. Qg2 Rd4 21. c3 Rd3 22. exf6 gxf6 23. Qe4 Rad8 24. Qxh7 1-0

[Event "Budapest FS09 IM-B"]
[Site "Budapest"]
[Date "2000.09.12"]
[Round "11"]
[White "Gara, Ticia"]
[Black "Gouret, Thierry"]
[Result "1-0"]
[WhiteElo "2296"]
[BlackElo "2346"]
[PlyCount "111"]
[EventDate "2000.09.02"]
[Source "ChessBase"]
[SourceDate "2000.11.10"]

1. e4 e5 2. Nf3 d5 3. exd5 Bd6 4. Bb5+ Bd7 5. Qe2 Bxb5 6. Qxb5+ Nd7 7. Qe2 Ngf6 8. c4 O-O 9. d3 e4 10. dxe4 Nxe4 11. O-O Re8 12. Qc2 Qf6 13. Nbd2 Nec5 14. Rb1 a5 15. b3 Re2 16. a3 Ne5 17. Qd1 Nxf3+ 18. Nxf3 Ra2 19. b4 axb4 20. axb4 Ne4 21. Qd3 Qg6 22. c5 Be7 23. Bb2 Ng5 24. Qxg6 Nxf3+ 25. gxf3 hxg6 26. Rfe1 Bg5 27. Re4 Rd8 28. h4 Bf6 29. Bxf6 gxf6 30. Rd1 Kf8 31. d6 cxd6 32. cxd6 Rb2 33. Red4 Rc2 34. f4 f5 35. Kf1 Ke8 36. Re1+ Kf8 37. Re5 Rc6 38. Red5 Rd7 39. Ke2 Rc1 40. Rc5 Ra1 41. Rc8+ Kg7 42. Rc7 Rxc7 43. dxc7 Rc1 44. Rd7 b5 45. Kd3 Kf6 46. Rd5 Rxc7 47. Rxb5 Rc8 48. Re5 Rh8 49. b5 Rxh4 50. b6 Rh8 51. Kd4 Rh4 52. b7 Rxf4+ 53. Kc5 Kxe5 54. b8=Q+ Ke4 55. Qe8+ Kf3 56. Qe3+ 1-0

[Event "Corr"]
[Site "?"]
[Date "2002.06.01"]
[Round "?"]
[White "Derouineau Jacques (FRA)"]
[Black "Marchisotti Dr.Mauro (ITA)"]
[Result "1-0"]
[WhiteElo "2326"]
[BlackElo "2315"]
[PlyCount "91"]
[EventDate "2002.??.??"]
[Source "www.chesslib.no"]
[SourceDate "2004.05.04"]

1. e4 e5 2. Nf3 d5 3. exd5 Qxd5 4. Nc3 Qe6 5. Bb5+ c6 6. Ba4 Qg6 7. Qe2 Be7 8. d3 Be6 9. Bd2 f6 10. Bb3 Bg4 11. h3 Bxf3 12. Qxf3 Nd7 13. O-O-O O-O-O 14. Be6 Kb8 15. h4 Qe8 16. Qg4 Bf8 17. Be3 g6 18. Bxd7 Rxd7 19. Qa4 a6 20. d4 Ne7 21. dxe5 fxe5 22. Rxd7 Qxd7 23. Rd1 Qc7 24. Qb3 Nf5 25. Bb6 Qc8 26. Ne4 Be7 27. g3 Rf8 28. Nc5 Bxc5 29. Bxc5 Rd8 30. Rxd8 Qxd8 31. Qe6 b6 32. Qxe5+ Kb7 33. Be3 Qd5 34. Qxd5 cxd5 35. Kd2 Kc6 36. g4 Ne7 37. Kd3 h5 38. f3 Nc8 39. Bd4 a5 40. Ke3 hxg4 41. fxg4 Nd6 42. Kf4 Nf7 43. h5 gxh5 44. gxh5 b5 45. Kf5 Kd7 46. b3 1-0

[Event "Pecs op"]
[Site "?"]
[Date "1996.??.??"]
[Round "8"]
[White "Kutuzovic Branko"]
[Black "Ivan Zoltan"]
[Result "0-1"]
[WhiteElo "2405"]
[BlackElo "2235"]
[PlyCount "80"]
[EventDate "1996.??.??"]
[Source "www.chesslib.no"]
[SourceDate "2004.05.04"]

1. e4 e5 2. Nf3 d5 3. exd5 Bd6 4. Bb5+ c6 5. dxc6 bxc6 6. Bc4 e4 7. Qe2 Qe7 8. Ng1 Nf6 9. d4 h6 10. Be3 O-O 11. Nc3 Bg4 12. Qd2 Nbd7 13. h3 Bh5 14. Nge2 Nb6 15. Bb3 a5 16. a4 Nfd5 17. g4 Bg6 18. h4 Kh8 19. Nxd5 Nxd5 20. Bxd5 cxd5 21. h5 Bh7 22. g5 hxg5 23. Bxg5 e3 24. Qxe3 Qxe3 25. Bxe3 Bxc2 26. Nc3 Rab8 27. Rh4 Rxb2 28. Bc1 Rb3 29. Nxd5 Re8+ 30. Be3 Be4 31. Nf4 Be7 32. Rg4 Bf5 33. Rg1 Bh4 34. Ng2 Rexe3+ 35. Nxe3 Rxe3+ 36. Kd2 Rd3+ 37. Ke2 Rxd4 38. f3 Bf6 39. Rad1 Rxa4 40. Rd5 Be6 0-1

[Event "Zadar (open)"]
[Site "?"]
[Date "2004.12.13"]
[Round "1.12"]
[White "Heged Vlado"]
[Black "Skatchkov Pavel"]
[Result "0-1"]
[WhiteElo "2107"]
[BlackElo "2516"]
[PlyCount "96"]
[EventDate "2004.??.??"]
[Source "www.chesslib.no"]
[SourceDate "2004.05.04"]

1. e4 e5 2. Nf3 d5 3. d4 dxe4 4. Nxe5 Bd6 5. Nc3 Bxe5 6. dxe5 Qxd1+ 7. Kxd1 Nc6 8. Bb5 Nge7 9. Nxe4 Bf5 10. Bxc6+ Nxc6 11. Ng3 O-O-O+ 12. Bd2 Rd5 13. Kc1 Rxe5 14. f4 Rd5 15. Nxf5 Rxf5 16. c3 Re8 17. g4 Rf6 18. Kc2 Re2 19. Rae1 Rg2 20. Reg1 Rf2 21. Kc1 Re6 22. Rf1 Rg2 23. Rfg1 Ree2 24. Rxg2 Rxg2 25. g5 Ne7 26. h4 Nf5 27. h5 Kd7 28. b3 Re2 29. Kd1 Re4 30. Re1 Rxe1+ 31. Bxe1 Ke6 32. Ke2 Nd6 33. Kf3 Kf5 34. Bf2 b6 35. Bd4 Ne8 36. b4 f6 37. gxf6 gxf6 38. c4 Ng7 39. h6 Ne6 40. Be3 Nd8 41. a4 Nf7 42. a5 bxa5 43. bxa5 a6 44. c5 c6 45. Bd2 Nxh6 46. Be3 Nf7 47. Bf2 Nd8 48. Bd4 Nb7 0-1

[Event "Dortmund-D"]
[Site "Dortmund"]
[Date "1991.??.??"]
[Round "5"]
[White "Micic, Jordanka"]
[Black "Buecker, Stefan"]
[Result "0-1"]
[WhiteElo "2275"]
[BlackElo "2345"]
[PlyCount "70"]
[EventDate "1991.03.??"]
[Source "ChessBase"]

1. e4 e5 2. Nf3 d5 3. Nxe5 dxe4 4. d4 Nd7 5. Bf4 Nxe5 6. Bxe5 Nf6 7. Bc4 Be7 8. O-O O-O 9. Nd2 Bf5 10. Qe2 Bd6 11. c3 Qe7 12. f4 Rae8 13. Rae1 Kh8 14. h3 h6 15. Bb3 c5 16. Kh1 cxd4 17. cxd4 Bb4 18. Rc1 Rc8 19. Rxc8 Rxc8 20. Nc4 Be6 21. Rd1 Bxc4 22. Bxc4 Nd7 23. a3 Ba5 24. Bd3 Nxe5 25. Qxe4 Ng6 26. Qf5 Qc7 27. d5 Rd8 28. d6 Rxd6 29. Qb5 Qd8 30. b4 Rd5 31. Qc4 Bc7 32. Qe4 f5 33. Qf3 Nxf4 34. Bc2 Rxd1+ 35. Bxd1 Qd3 0-1

[Event "Corr"]
[Site "?"]
[Date "2002.09.15"]
[Round "?"]
[White "Odeev Hanjar (TKM)"]
[Black "Bulgarini Torres Marco (CHI)"]
[Result "1/2-1/2"]
[WhiteElo "2262"]
[BlackElo "2355"]
[PlyCount "114"]
[EventDate "2002.??.??"]
[Source "www.chesslib.no"]
[SourceDate "2004.05.04"]

1. e4 e5 2. Nf3 d5 3. exd5 Qxd5 4. Nc3 Qe6 5. Bb5+ c6 6. Ba4 Qg6 7. Qe2 Be7 8. Bb3 Nh6 9. d3 Nf5 10. O-O Nd4 11. Nxd4 exd4 12. Re1 Be6 13. Nb1 Kd7 14. Nd2 Re8 15. Nf3 Bf6 16. Ne5+ Bxe5 17. Qxe5 Qf6 18. Bf4 Qxe5 19. Bxe5 Bxb3 20. axb3 c5 21. Bxg7 Nc6 22. c3 a5 23. g3 Rxe1+ 24. Rxe1 b5 25. cxd4 Rg8 26. Be5 Re8 27. Kf1 cxd4 28. Bf4 Re6 29. Rxe6 Kxe6 30. Ke2 Kd5 31. g4 Nb4 32. Bd2 Nc6 33. h3 Ke6 34. f4 f5 35. Kf3 Kf6 36. Be1 Kg6 37. Kg3 Kf6 38. Kg2 Kf7 39. Kf3 Kg6 40. Bf2 Kf6 41. Bh4+ Ke6 42. Be1 Kf6 43. Kg3 Kg6 44. Kh4 h6 45. Bd2 b4 46. gxf5+ Kxf5 47. Kh5 Nd8 48. Kxh6 Ne6 49. h4 Nc5 50. Kg7 Nxd3 51. h5 Nxf4 52. h6 Nh5+ 53. Kf7 Nf6 54. Kg7 Nh5+ 55. Kf7 Nf6 56. Be1 Nh7 57. Kg7 Ng5 1/2-1/2

[Event "It Open"]
[Site "Breda NED"]
[Date "1994.??.??"]
[Round "?"]
[White "Antonsen, Mikkel"]
[Black "Eberle Jan"]
[Result "0-1"]
[WhiteElo "2385"]
[BlackElo "2225"]
[PlyCount "40"]
[EventDate "1994.??.??"]
[Source "www.chesslib.no"]
[SourceDate "2004.05.04"]

1. e4 e5 2. Nf3 d5 3. Nxe5 Bd6 4. d4 dxe4 5. Bf4 Nf6 6. Bc4 O-O 7. Bg3 Bxe5 8. Bxe5 Nc6 9. Bxf6 Qxf6 10. c3 Qg5 11. g3 Bh3 12. Qe2 Qc1+ 13. Qd1 Qxb2 14. Nd2 Qxc3 15. Rc1 Qxd4 16. Qh5 e3 17. fxe3 Qxe3+ 18. Kd1 Rad8 19. Rc2 Bg2 20. Re1 Bf3+ 0-1

[Event "Landesliga N Bayern 9495"]
[Site "GER"]
[Date "1994.??.??"]
[Round "1"]
[White "Siepelt, Heiner"]
[Black "Kraft, Volker"]
[Result "1-0"]
[WhiteElo "2360"]
[BlackElo "2250"]
[PlyCount "71"]
[EventDate "1994.10.??"]
[Source "www.chesslib.no"]
[SourceDate "2004.05.04"]

1. e4 e5 2. Nf3 d5 3. exd5 Bd6 4. Nc3 Nf6 5. Bb5+ c6 6. dxc6 bxc6 7. Bc4 O-O 8. d3 h6 9. O-O Bg4 10. h3 Bh5 11. Re1 Nbd7 12. Ne4 Bc7 13. Ng3 Bg6 14. Nh4 Bh7 15. Nhf5 Nb6 16. Bb3 Kh8 17. Bd2 Qd7 18. Nh4 Rad8 19. Bc3 Rfe8 20. Nf3 c5 21. a3 e4 22. Nxe4 Nxe4 23. dxe4 Rxe4 24. Qxd7 Rxd7 25. Nd2 Ree7 26. Kf1 Bg6 27. Rxe7 Rxe7 28. Re1 Rd7 29. a4 Bf4 30. Nc4 Nxc4 31. Bxc4 Bxc2 32. Re8+ Kh7 33. Bb5 Rc7 34. Ke2 a6 35. Bxa6 Bxa4 36. Bd3+ 1-0

[Event "Dallas Pinfork op4"]
[Site "Dallas, TX USA"]
[Date "1996.??.??"]
[Round "?"]
[White "Ruiz Gonzalez, Guillermo"]
[Black "Rajlich, Vasik G"]
[Result "1-0"]
[WhiteElo "2250"]
[BlackElo "2350"]
[PlyCount "35"]
[EventDate "1996.??.??"]
[Source "www.chesslib.no"]
[SourceDate "2004.05.04"]

1. e4 e5 2. Nf3 d5 3. Nxe5 Bd6 4. d4 dxe4 5. Qe2 Nf6 6. Nc3 O-O 7. Bg5 Re8 8. O-O-O Qe7 9. Nxe4 Qe6 10. Bxf6 gxf6 11. Ng4 Bf4+ 12. Kb1 f5 13. Nef6+ Kf8 14. Nxe8 fxg4 15. Qxe6 Bxe6 16. Nf6 Nc6 17. d5 Rd8 18. Be2 1-0

[Event "Oster op"]
[Site "?"]
[Date "1999.??.??"]
[Round "6"]
[White "Mainka Romuald"]
[Black "Ciornei Dragos"]
[Result "1-0"]
[WhiteElo "2485"]
[BlackElo "2109"]
[PlyCount "88"]
[EventDate "1999.??.??"]
[Source "www.chesslib.no"]
[SourceDate "2004.05.04"]

1. e4 e5 2. Nf3 d5 3. exd5 Bd6 4. Nc3 Nf6 5. d4 e4 6. Ne5 Nbd7 7. Nxd7 Bxd7 8. Bg5 Qe7 9. Bb5 Bxb5 10. Nxb5 h6 11. Bxf6 Qxf6 12. O-O O-O 13. c4 a6 14. Nc3 Rfe8 15. c5 Bf8 16. Re1 Qg6 17. Qd2 f5 18. b4 Be7 19. a4 Bg5 20. Qc2 Qf6 21. Rad1 e3 22. Qd3 f4 23. fxe3 Rxe3 24. Rxe3 fxe3 25. Rf1 Qe7 26. d6 cxd6 27. Nd5 Qd8 28. Nxe3 Bxe3+ 29. Qxe3 dxc5 30. bxc5 Qd5 31. h3 Rd8 32. Rf4 Qc4 33. Kh2 Qxa4 34. Qe7 Qe8 35. Qxb7 Rxd4 36. Qb3+ Kh8 37. Rxd4 Qe5+ 38. Qg3 Qxd4 39. Qd6 Qc4 40. c6 Kh7 41. c7 h5 42. Qe5 Kh6 43. Kg3 Qd3+ 44. Kh4 Qd4+ 1-0

[Event "Tan Lian Ann Cup"]
[Site "Tianjin"]
[Date "2001.07.21"]
[Round "7"]
[White "Petronic, Sanja"]
[Black "Li Haoyu"]
[Result "0-1"]
[WhiteElo "2279"]
[BlackElo "2314"]
[PlyCount "137"]
[EventDate "2001.07.15"]
[Source "ChessBase"]
[SourceDate "2001.09.11"]

1. e4 e5 2. Nf3 d5 3. Nxe5 Bd6 4. d4 dxe4 5. Nc3 Bxe5 6. dxe5 Qxd1+ 7. Nxd1 Nc6 8. Bf4 Nge7 9. Bb5 O-O 10. Nc3 Bf5 11. O-O-O Rad8 12. e6 Bxe6 13. Nxe4 Rd4 14. Bxc6 Nxc6 15. Rxd4 Nxd4 16. Re1 Bf5 17. Bxc7 Nxc2 18. Kxc2 Rc8 19. Kd2 Rxc7 20. Nc3 f6 21. Re8+ Kf7 22. Rd8 a6 23. g3 Ke7 24. Rd4 Ke6 25. f4 h5 26. h4 Bg6 27. a3 Rc6 28. Ke3 Rc8 29. Rb4 Rc7 30. Rd4 Bf7 31. Ne4 Be8 32. Nc3 Bc6 33. Nd1 Kf5 34. Kf2 Kg4 35. Ne3+ Kh3 36. Rd2 Be4 37. Rd4 f5 38. Rd1 Rc6 39. Rd2 b5 40. Rd7 Rc1 41. Rd1 Rc6 42. Rd2 Rb6 43. Nf1 b4 44. axb4 Rxb4 45. Kg1 Rb3 46. Kf2 Rf3+ 47. Kg1 Bd3 48. Rh2+ Kg4 49. Nd2 Rxg3+ 50. Kf2 Kxf4 51. Rh1 Re3 52. Rd1 Re2+ 53. Kg1 Bc2 54. Rf1+ Kg3 55. Rf3+ Kg4 56. Rf2 Re1+ 57. Kh2 Bd1 58. Rg2+ Kxh4 59. Rxg7 Bg4 60. Rd7 f4 61. Rd4 Re3 62. Nf1 Re2+ 63. Kg1 f3 64. Rd2 a5 65. b3 f2+ 66. Kh2 Rxd2 67. Nxd2 Bh3 68. Nf3+ Kg4 69. Nd2 0-1

[Event "Chemnitz op"]
[Site "Chemnitz"]
[Date "1998.??.??"]
[Round "2"]
[White "Van der Weide, Karel"]
[Black "Kottwitz, Daniel"]
[Result "1/2-1/2"]
[WhiteElo "2450"]
[BlackElo "2140"]
[PlyCount "50"]
[EventDate "1998.??.??"]
[Source "www.chesslib.no"]
[SourceDate "2004.05.04"]

1. e4 e5 2. Nf3 d5 3. exd5 Bd6 4. d4 e4 5. Ne5 Ne7 6. Nc3 Bf5 7. Be2 O-O 8. O-O Bb4 9. Bd2 Bxc3 10. bxc3 Qxd5 11. f3 b5 12. Be3 f6 13. Ng4 Bxg4 14. fxg4 Nd7 15. a4 a6 16. Qb1 c6 17. Qb4 Qe6 18. c4 a5 19. Qb3 b4 20. d5 Qe5 21. d6 Nc5 22. Bxc5 Qxc5+ 23. Kh1 Ng6 24. Rf5 Ne5 25. Rf4 Kh8 1/2-1/2

[Event "Moscow RUS"]
[Site "?"]
[Date "2006.02.14"]
[Round "8"]
[White "Kosov Ivan"]
[Black "Tsigelnitskiy Ilusha"]
[Result "0-1"]
[WhiteElo "2248"]
[BlackElo "2341"]
[PlyCount "94"]
[EventDate "2006.??.??"]
[Source "www.chesslib.no"]
[SourceDate "2004.05.04"]

1. e4 e5 2. Nf3 d5 3. exd5 e4 4. Qe2 Nf6 5. d3 Qxd5 6. Ng5 Qa5+ 7. Nc3 Bb4 8. Ngxe4 Be6 9. Bd2 Nc6 10. Qd1 Nxe4 11. Nxe4 O-O-O 12. a3 Bxd2+ 13. Qxd2 Qd5 14. Nc3 Qh5 15. Be2 Qg6 16. Bf3 Nd4 17. Ne2 Nxf3+ 18. gxf3 Bd5 19. O-O-O Bxf3 20. Rhg1 Qh5 21. Rde1 Qxh2 22. Ng3 Kb8 23. Kb1 h5 24. Qg5 g6 25. Qf6 Bd5 26. Ne4 Rhe8 27. f4 Bxe4 28. dxe4 Rd7 29. Rd1 a6 30. e5 Re6 31. Qg5 Rxd1+ 32. Rxd1 Rc6 33. Qd8+ Ka7 34. Qd4+ b6 35. Qe4 Kb7 36. b3 h4 37. Rh1 Qf2 38. Kb2 Qg3 39. a4 h3 40. f5 gxf5 41. Qxf5 h2 42. Qe4 b5 43. axb5 axb5 44. Rc1 Qc3+ 45. Kb1 Ka7 46. Qe1 Qxe1 47. Rxe1 Rg6 0-1

[Event "Liechtenstein Open"]
[Site "Liechtenstein"]
[Date "1995.??.??"]
[Round "1"]
[White "Howell, James C"]
[Black "Adensamer, Gerhard"]
[Result "1-0"]
[WhiteElo "2520"]
[BlackElo "2065"]
[PlyCount "43"]
[EventDate "1995.05.??"]
[Source "www.chesslib.no"]
[SourceDate "2004.05.04"]

1. e4 e5 2. Nf3 d5 3. exd5 Bd6 4. d4 e4 5. Ne5 Nf6 6. c4 O-O 7. Bf4 c6 8. dxc6 bxc6 9. Nc3 Re8 10. Be2 Qe7 11. O-O Bf5 12. f3 Nh5 13. Be3 f6 14. fxe4 fxe5 15. Bxh5 exd4 16. Bxe8 Qh4 17. Qh5 Qxh5 18. Bxh5 dxe3 19. exf5 Bc5 20. Ne4 e2+ 21. Nxc5 exf1=Q+ 22. Kxf1 1-0

[Event "Corr"]
[Site "?"]
[Date "2003.06.25"]
[Round "?"]
[White "Clowes Matthew (USA)"]
[Black "Marchisotti Dr.Mauro (ITA)"]
[Result "1-0"]
[WhiteElo "2260"]
[BlackElo "2323"]
[PlyCount "89"]
[EventDate "2003.??.??"]
[Source "www.chesslib.no"]
[SourceDate "2004.05.04"]

1. e4 e5 2. Nf3 d5 3. exd5 Qxd5 4. Nc3 Qe6 5. Bb5+ c6 6. Ba4 Qg6 7. Qe2 Be7 8. Bb3 Nh6 9. d3 Nf5 10. O-O Nd4 11. Nxd4 exd4 12. Re1 Be6 13. Bxe6 fxe6 14. Nb1 Nd7 15. Qxe6 Qxe6 16. Rxe6 Kf7 17. Re2 a5 18. Nd2 Rhe8 19. Ne4 Nc5 20. Bf4 Nxe4 21. Rxe4 Bf6 22. Rae1 Rxe4 23. Rxe4 a4 24. g4 g5 25. Bd2 b5 26. f4 gxf4 27. Bxf4 Rg8 28. Bg3 c5 29. h4 h6 30. Kf2 a3 31. b3 Rc8 32. Ke2 Rc6 33. h5 c4 34. Kd2 cxb3 35. cxb3 b4 36. Bf4 Bh8 37. Re1 Rf6 38. Rf1 Bg7 39. Ke2 Kg8 40. Bd2 Re6+ 41. Kd1 Rb6 42. Rf5 Bf8 43. Rd5 Rf6 44. Rxd4 Rf1+ 45. Be1 1-0